| 000 -LEADER |
| fixed length control field |
00551nam a22001337a 4500 |
| 040 ## - CATALOGING SOURCE |
| Transcribing agency |
RUA |
| 082 ## - DEWEY DECIMAL CLASSIFICATION NUMBER |
| Classification number |
AGR MIL 2011 B074 Or.1 |
| 100 ## - MAIN ENTRY--AUTHOR NAME |
| Personal name |
MILIYA CHANPHALKUN |
| 245 ## - TITLE STATEMENT |
| Title |
Effect of different fertilizer on growing water convolvulus,(ឥទ្ធិពលជីផ្សេងៗគ្នាទៅលើការលូតលាស់ដំណាំត្រកួន) |
| 260 ## - PUBLICATION, DISTRIBUTION, ETC. (IMPRINT) |
| Place of publication |
Phnom Penh |
| Name of publisher |
RUA |
| Year of publication |
2011 |
| 300 ## - PHYSICAL DESCRIPTION |
| Number of Pages |
x, 21. |
| Other physical details |
ill. |
| Dimensions |
29cm. |
| 856 ## - ELECTRONIC LOCATION AND ACCESS |
| Uniform Resource Identifier |
https://drive.google.com/file/d/1qWcfB88Wr0xOA39ya8hP8NFZU5x_ykMN/view?usp=sharing |
| 942 ## - ADDED ENTRY ELEMENTS (KOHA) |
| Koha item type |
AGR |
| 952 ## - LOCATION AND ITEM INFORMATION (KOHA) |
| Withdrawn status [LOCAL, KOHA] |
0 |
| 952 ## - LOCATION AND ITEM INFORMATION (KOHA) |
| Withdrawn status [LOCAL, KOHA] |
0 |
| 952 ## - LOCATION AND ITEM INFORMATION (KOHA) |
| Withdrawn status [LOCAL, KOHA] |
0 |